الحماية الجنائية للشركات التجارية : (رقم التسجيلة. 177434)
[ عرض عادي ]
| 000 -LEADER | |
|---|---|
| fixed length control field | 05047nam a22004217a 4500 |
| 003 - CONTROL NUMBER IDENTIFIER | |
| control field | OSt |
| 005 - أخر تعامل مع التسجيلة | |
| control field | 20260215104527.0 |
| 008 - FIXED-LENGTH DATA ELEMENTS--GENERAL INFORMATION | |
| fixed length control field | 250827s2024 ua a|||frm||| 000 0 eng d |
| 040 ## - CATALOGING SOURCE | |
| Original cataloguing agency | EG-GICUC |
| Language of cataloging | ara |
| Transcribing agency | EG-GICUC |
| Modifying agency | EG-GICUC |
| Description conventions | rda |
| 041 0# - LANGUAGE CODE | |
| Language code of text/sound track or separate title | ara |
| Language code of summary or abstract | ara |
| -- | eng |
| 049 ## - Acquisition Source | |
| Acquisition Source | إيداع |
| 082 04 - DEWEY DECIMAL CLASSIFICATION NUMBER | |
| Classification number | 338.88 |
| 092 ## - LOCALLY ASSIGNED DEWEY CALL NUMBER (OCLC) | |
| Classification number | 338.88 |
| Edition number | 21 |
| 097 ## - Degree | |
| Degree | دكتـــــوراه |
| 099 ## - LOCAL FREE-TEXT CALL NUMBER (OCLC) | |
| Local Call Number | Cai01.04.03.Ph.D.2024.بل.ح |
| 100 0# - MAIN ENTRY--PERSONAL NAME | |
| Authority record control number or standard number | ،بلال مصطفى محمد إسكندر |
| Preparation | إعداد. |
| 245 12 - TITLE STATEMENT | |
| Title | الحماية الجنائية للشركات التجارية : |
| Remainder of title | دراسة مقارنة / |
| Statement of responsibility, etc. | إعداد بلال مصطفى محمد إسكندر؛ إشراف أ.د. عمر محمد سالم. |
| 246 15 - VARYING FORM OF TITLE | |
| Title proper/short title | Criminal protection of commercial companies : |
| Remainder of title | Comparative study / |
| 264 #0 - PRODUCTION, PUBLICATION, DISTRIBUTION, MANUFACTURE, AND COPYRIGHT NOTICE | |
| Date of production, publication, distribution, manufacture, or copyright notice | 2024. |
| 300 ## - PHYSICAL DESCRIPTION | |
| Extent | 273 صفحة : |
| Other physical details | إيضاحيات ؛ |
| Dimensions | 30 سم. + |
| Accompanying material | CD. |
| 336 ## - CONTENT TYPE | |
| Content type term | text |
| Source | rda content |
| 337 ## - MEDIA TYPE | |
| Media type term | Unmediated |
| Source | rdamedia |
| 338 ## - CARRIER TYPE | |
| Carrier type term | volume |
| Source | rdacarrier |
| 502 ## - DISSERTATION NOTE | |
| Dissertation note | أطروحة (دكتوراه)-جامعة القاهرة، 2024. |
| 504 ## - BIBLIOGRAPHY, ETC. NOTE | |
| Bibliography, etc. note | ببليوجرافيا: صفحات 250-263. |
| 520 ## - SUMMARY, ETC. | |
| Summary, etc. | تعد الشركات التجارية هي الصورة المثالية لممارسة مختلف الأنشطة التجارية، ونادراً ما يمارس هذا النشاط بشكل فردي، وحتى في هذه الحالات، يتم فصل الوضع المالي للشخص عن الوضع المالي للشركة، في حالة إنشاء شركة تسمى شركة الشخص الواحد. وقد نمت الشركات التجارية بشكل كبير، وامتدت إلى جميع جوانب الحياة، وزادت، سواء من حيث عددها أو من حيث القيمة المالية التي تمثلها. وهناك شركات يتجاوز رأس مالها مليارات الدولارات. <br/>ولا شك أن الشركة، سواء في مرحلة التأسيس، أو في مرحلة الحياة المهنية، أثناء ممارسة نشاطها، أو عند انتهاء صلاحيتها بالتصفية، على سبيل المثال، يمكن أن تقع في هاوية الجريمة، بسبب انخراط ممثليها في أنشطة غير مشروعة. ومن الصعب للغاية ترك هذه الأنشطة دون تجريم وعقاب، بل من غير الممكن ترك هذه الأنشطة للقواعد العامة في قانون العقوبات، حيث قد تكون هذه القواعد غير كافية لمواجهة هذه الأنشطة الإجرامية. علاوة على ذلك، فإن هذه القاعدة العامة للتجريم والعقاب تواجه الأفعال الفردية، كقاعدة عامة. ولا يجوز أن تخضع طبيعة الشركات، وقواعد إنشائها، ونشاطها، وتصفيتها، وانقضائها بوجه عام، للقواعد العامة للتجريم والعقاب الواردة في المواد العامة والخاصة من قانون العقوبات. |
| 520 ## - SUMMARY, ETC. | |
| Summary, etc. | Commercial companies are the ideal image for conducting various commercial activities. This activity is rarely conducted individually, and even in these cases, the financial status of the person is separated from the financial status of the company, in the case of establishing a company called a one-person company. Commercial companies have grown significantly, and have extended to all aspects of life, and have increased, whether in terms of their number or in terms of the financial value they represent. There are companies whose capital exceeds billions of dollars. There is no doubt that the company, whether in the establishment phase, or in the professional life phase, while conducting its activity, or upon its expiration by liquidation, for example, can fall into the abyss of crime, due to its representatives engaging in illegal activities. It is very difficult to leave these activities without criminalization and punishment. Rather, it is not possible to leave these activities to the general rules of the Penal Code, as these rules may be insufficient to confront these criminal activities. Moreover, this general rule of criminalization and punishment confronts individual actions, as a general rule. |
| 530 ## - ADDITIONAL PHYSICAL FORM AVAILABLE NOTE | |
| Issues CD | صدر أيضًا كقرص مدمج. |
| 546 ## - LANGUAGE NOTE | |
| Text Language | النص بالعربية والملخص باللغة الإنجليزية والعربية. |
| 650 #7 - SUBJECT ADDED ENTRY--TOPICAL TERM | |
| Topical term or geographic name entry element | الشركات التجارية |
| Source of heading or term | qrmak |
| 650 #7 - SUBJECT ADDED ENTRY--TOPICAL TERM | |
| Topical term or geographic name entry element | الشركات |
| Source of heading or term | qrmak |
| General subdivision | قوانين وتشريعات |
| 653 #0 - INDEX TERM--UNCONTROLLED | |
| Uncontrolled term | الشركات التجارية |
| -- | النشاط |
| -- | الشخص الواحد |
| 700 0# - ADDED ENTRY--PERSONAL NAME | |
| Personal name | عمر محمد سالم |
| Relator term | مشرف أطروحة. |
| 900 ## - Thesis Information | |
| Grant date | 25-12-2024 |
| Supervisory body | عمر محمد سالم |
| Discussion body | أحمد عوض بلال |
| -- | محمد الدسوقي الشهاوي |
| Universities | جامعة القاهرة |
| Faculties | كلية الحقوق |
| Department | قسم القانون الجنائى |
| 905 ## - Cataloger and Reviser Names | |
| Cataloger Name | Sara Salah |
| Reviser Names | Afaf |
| 942 ## - ADDED ENTRY ELEMENTS (KOHA) | |
| Source of classification or shelving scheme | Dewey Decimal Classification |
| Koha item type | Thesis |
| Edition | 21 |
| Suppress in OPAC | No |
| Source of classification or shelving scheme | Home library | Current library | Date acquired | Inventory number | Full call number | Barcode | Date last seen | Effective from | Koha item type |
|---|---|---|---|---|---|---|---|---|---|
| Dewey Decimal Classification | المكتبة المركزبة الجديدة - جامعة القاهرة | قاعة الرسائل الجامعية - الدور الاول | 06.01.2026 | 32848 | Cai01.04.03.Ph.D.2024.بل.ح | 01010100032848000 | 06.01.2026 | 06.01.2026 | Thesis |